000 00860cam a2200253 a 4500
999 _c6816
_d6816
001 2607906
003 GBCCL
005 20241126110612.0
008 970813s1996 tnuab 000 0 eng
010 _a 97183141
020 _a0840719469
040 _aDLC
_cDLC
_dDLC
050 0 0 _aBS195
_b.N38 1996
082 0 0 _a220.5208
_221
_bBIB
130 0 _aBible.
_lEnglish.
_sNew King James.
_f1996.
_912218
245 1 4 _aThe word in life study Bible :
_bNew King James Version.
260 _aNashville, Tenn. :
_bT. Nelson Publishers,
_cc1996.
300 _axxxiii, 2455 p. :
_bill., maps ;
_c24 cm.
710 2 _aThomas Nelson Publishers.
_91670
856 4 2 _3Publisher description
_uhttp://www.loc.gov/catdir/enhancements/fy0609/97183141-d.html
906 _a7
_bcbc
_corignew
_d2
_encip
_f19
_gy-gencatlg
942 _2ddc
_cREF